000 00491nam a2200157 i 4500
001 51558
003 ES-MaACL
005 20230906162403.0
007 t|
008 030813s1962 sp ||||1| cat d
100 1 _aDalmau y Ferreres, R.
_942528
245 1 0 _aPanorama actual de les idees
_b: Orient i occidente, poden arribar a una entosa? /
_cR. Dalmau i Ferreres.
260 _aBarcelona :
_bDalmau,
_c1962.
300 _a261 p., 316 p. ;
_c19 cm.
852 _aES-MaACL
_jC-25705
_bR.49515
999 _c51558
_d51558